[Event "YUG-chT"]
[Site "Cetinje"]
[Date "1993.??.??"]
[Round "7"]
[White "Marjanovic, Slavoljub"]
[Black "Tseshkovsky, Vitaly"]
[Result "0-1"]
[WhiteElo "2445"]
[BlackElo "2540"]
[Annotator "Belov,I"]
[PlyCount "90"]
[EventDate "1993.??.??"]
[EventType "team"]
[EventRounds "11"]
[EventCountry "YUG"]
[SourceTitle "CBM 038"]
[Source "ChessBase"]
[SourceDate "1994.02.01"]
[SourceVersion "1"]
[SourceVersionDate "1994.02.01"]
[SourceQuality "1"]

1. e4 g6 2. d4 Bg7 3. Nc3 d6 4. f4 Nc6 5. Be3 Nf6 6. Nf3 O-O 7. e5 dxe5 (7...
Ng4 8. Bg1 Nh6 (8... dxe5) 9. h3 f6 $6 (9... dxe5 10. fxe5 f6 $14) 10. d5 Nb4
11. a3 Na6 12. e6 $16 {De Firmian,N-Azmaiparashvili,Z Reykjavik 1990 Inf 49/
182/}) (7... dxe5) 8. dxe5 Qxd1+ (8... Ng4 9. Bg1 f6 10. Bc4+ Kh8 11. h3 Nh6
12. Qe2 fxe5 13. fxe5 e6 (13... Rxf3 $6 14. Qxf3 Nxe5 15. Qd5 Bd7 16. Be2 Qf8
17. O-O-O $16 {Anand,V-Horvath,C Oakham 1986 /}) 14. Bb5 $5 (14. Bf2 $1 $146
Qe7 15. O-O-O Nf7 16. Bh4 g5 17. Bg3 $16 {Kots,Y-Belov,I Mariupol 1993/}) 14...
Rxf3 $146 (14... Nf5 15. Bxc6 $1 Ng3 16. Qc4 Nxh1 17. Rd1 Qe7 18. Bc5 Qf7 19.
Bxf8 Bxf8 20. Ba4 $16 {Seirawan/}) 15. Qxf3 Nxe5 16. Qe2 Nf5 17. Rd1 Qe7 18.
Bh2 $14 {Hellers,F-Nogueiras,J Biel 1993/}) 9. Rxd1 Ng4 10. Bc5 $5 $146 (10.
Bg1 f6 11. Bc4+ (11. exf6 exf6 12. Bc4+ Kh8 13. h3 Nh6 14. Bc5 Re8+ 15. Kf2 Bf5
16. Rd2 Na5 17. Be2 b6 $10 {Kindermann,S-Lau,R BRD 1990 Inf 49/82/}) 11... Kh8
12. h3 Nh6 13. Bh2 fxe5 14. fxe5 Bxh3 15. O-O Bg4 16. Rde1 Bxf3 17. Rxf3 Ng4
$17 {Mortensen,E-Davies,N Graested 1990/}) 10... b6 11. Bb5 bxc5 (11... Bb7 $5
12. Ba3 a6 13. Bd3 f6 $10) 12. Bxc6 Rb8 13. b3 Ne3 $6 (13... f6 $1 $44) 14. Rd2
Bf5 15. Kf2 Rb6 (15... Ng4+ 16. Ke2 f6 17. h3 Nh6 18. Nd5 $16) 16. Bd7 (16. Be4
$5) 16... Ng4+ 17. Ke2 Rb4 (17... f6 18. h3 Nh6 19. g4 $16) 18. g3 (18. Nd5 $6
Re4+ 19. Kf1 Bxd7 20. Nxe7+ Kh8 21. Rxd7 Rxf4 $17) 18... f6 19. a3 (19. e6 $1)
19... Rb6 20. Nd5 $6 (20. h3 Nh6 21. g4 $16) 20... Bxd7 $1 21. Nxb6 Bb5+ 22. c4
$6 (22. Nc4 $5 fxe5 23. Rhd1 exf4 24. Rd8 fxg3 25. hxg3 $14) 22... axb6 23.
cxb5 fxe5 24. h3 (24. fxe5 Nxe5 25. Nxe5 Bxe5 $44) (24. Rhd1 $5 exf4 25. Rd8
fxg3 26. hxg3 $10) 24... Nf6 25. fxe5 $2 (25. Nxe5 Ne4 26. Rd3 Bxe5 27. fxe5
Nf2 28. Rf1 Nxd3 29. Rxf8+ Kxf8 30. Kxd3 Kf7 $10) 25... Ne4 26. Rg1 Nxd2 27.
Nxd2 Bxe5 $17 28. Nc4 Bd6 29. g4 Rf4 30. Rf1 Re4+ (30... Rxf1 31. Kxf1 Kf7 32.
Ke2 Ke6 33. Kd3 Kd5 34. a4 e5) 31. Kd3 Rd4+ 32. Ke3 Kg7 33. a4 h5 $1 34. gxh5
gxh5 35. Ke2 Kg6 36. Rd1 $6 Rxd1 37. Kxd1 Kf5 38. Ke2 Ke4 39. a5 bxa5 40. Nxa5
Kd4 41. Nc4 (41. Kd2 Bf4+ 42. Kc2 e5 $19) 41... Kc3 42. b6 cxb6 43. Nxb6 Kxb3
44. Kd3 e5 45. h4 Bc7 0-1

[Event "Moscow"]
[Site "Moscow"]
[Date "1981.04.??"]
[Round "6"]
[White "Balashov, Yuri S"]
[Black "Timman, Jan H"]
[Result "0-1"]
[WhiteElo "2600"]
[BlackElo "2620"]
[Annotator "Belov,I"]
[PlyCount "78"]
[EventDate "1981.04.08"]
[EventType "tourn"]
[EventRounds "13"]
[EventCountry "URS"]
[EventCategory "15"]
[SourceTitle "MCL"]
[Source "ChessBase"]
[SourceDate "1999.07.01"]
[SourceVersion "1"]
[SourceVersionDate "1999.07.01"]
[SourceQuality "1"]

1. e4 d6 2. d4 Nf6 3. Nc3 g6 4. f4 Bg7 5. Nf3 O-O 6. Bd3 Nc6 7. O-O e5 8. fxe5
dxe5 9. d5 Nb4 (9... Nd4 $142 10. Nxe5 Nxe4 $1 (10... Nxd5 11. Nxd5 Bxe5 12.
Bf4 Qd6 13. Qd2 f6 14. Bxe5 Qxe5 15. Qf4 $16 {Ljubojevic,L-Parma,B/Vrbas/1982/
1:0 (38)/}) 11. Bxe4 Bxe5 12. Bf4 Bg7 $10 {Polgar,S-Arduman,C/Budapest/1993/
Inf 57/(140)/}) 10. Bc4 Ne8 (10... c6 $5 11. a3 cxd5 12. exd5 e4 13. Ng5 $16)
11. Bg5 f6 12. Be3 Nd6 13. Bb3 (13. Be2 $5) 13... a5 {/\ 14...a4 15.Ba4 Ne4/}
14. a4 Kh8 (14... f5 $6 15. Ng5 f4 16. Ne6 Bxe6 17. dxe6 $16) 15. Qd2 $14 b6 (
15... f5 $6 16. exf5 gxf5 17. Bh6 $16) 16. Rae1 Ba6 17. Rf2 Qd7 18. Bh6 Nb7 19.
Bxg7+ Kxg7 (19... Qxg7 $5) 20. Re3 $1 Nc5 21. Nh4 $1 Nxb3 22. cxb3 Rad8 (22...
Rf7 $142) 23. Rh3 $16 {/\ Ng6, /\ Qh6!?/} Kg8 24. Rg3 {/\ Ng6/} Qf7 25. Nb5 $5
{/\ 26.Qh6 Qg7[] 27.Qg7 Kg7 28.Nc7/} Rd7 (25... Bxb5 $6 26. axb5 $16 {>< c7,c6/
}) 26. h3 Kg7 (26... Kh8 $2 27. Nxg6+ hxg6 28. Qh6+ $18) 27. Kh2 Bb7 (27... c6
$2 28. Nd6 $1 Qg8 $8 29. Ndf5+ Kh8 30. Rxg6 hxg6 31. Qh6+ $18) 28. Rf5 $1 Rg8 {
>< g6/} 29. Rh5 Kh8 30. Rh6 g5 $8 31. Nf5 Rg6 32. Qf2 (32. Rh5 $142 $16) 32...
Na6 33. Rxg6 $6 (33. Rh5 $142 $16) 33... hxg6 34. Nh6 Qf8 $1 35. Ng4 Kg7 36.
Rf3 Rf7 $10 37. Qe3 Qd8 38. Qf2 {/\ Ne5/} Rf8 39. Nc3 Nc5 {Time/} (39... Nc5
40. Qe2 $10) 0-1

[Event "Interzonal-16"]
[Site "Biel"]
[Date "1993.??.??"]
[Round "8"]
[White "Hellers, Ferdinand"]
[Black "Nogueiras Santiago, Jesus"]
[Result "1/2-1/2"]
[WhiteElo "2560"]
[BlackElo "2580"]
[Annotator "Blatny,P"]
[PlyCount "77"]
[EventDate "1993.07.16"]
[EventType "swiss"]
[EventRounds "13"]
[EventCountry "SUI"]
[SourceTitle "CBM 037"]
[Source "ChessBase"]
[SourceDate "1993.12.01"]
[SourceVersion "1"]
[SourceVersionDate "1993.12.01"]
[SourceQuality "1"]

1. e4 d6 2. d4 g6 3. Nc3 Bg7 4. f4 Nc6 5. Be3 Nf6 6. Nf3 O-O 7. e5 dxe5 8. dxe5
Ng4 9. Bg1 $5 f6 (9... b6 $142 {/\ Bb7}) 10. Bc4+ Kh8 11. h3 Nh6 12. Qe2 fxe5
13. fxe5 e6 14. Bb5 $1 Rxf3 $5 (14... Nf5 $6) (14... Bd7 $5) 15. Qxf3 Nxe5 16.
Qe2 (16. Qe4 $142 $16) 16... Nf5 17. Rd1 Qe7 18. Bh2 Nf7 19. O-O N7d6 20. Be5
Bxe5 21. Qxe5+ Qg7 22. Qxg7+ Kxg7 23. Rfe1 a6 24. Ba4 c5 25. b4 cxb4 26. Ne4
Nf7 27. Be8 Ne5 28. Nd6 Nxd6 29. Rxd6 Kf6 30. Rd4 a5 31. Bb5 Nf7 32. Bd7 e5 33.
Rd5 b6 34. Red1 Ba6 35. Ba4 Bc8 36. R5d2 Be6 37. Bb3 Rc8 38. Kf2 Rc6 39. Ba4
1/2-1/2

[Event "Bugojno"]
[Site "Bugojno"]
[Date "1978.03.04"]
[Round "6"]
[White "Balashov, Yuri S"]
[Black "Timman, Jan H"]
[Result "0-1"]
[WhiteElo "2590"]
[BlackElo "2585"]
[Annotator "Bulletin"]
[PlyCount "88"]
[EventDate "1978.02.27"]
[EventType "tourn"]
[EventRounds "15"]
[EventCountry "YUG"]
[EventCategory "14"]
[SourceTitle "MCL"]
[Source "ChessBase"]
[SourceDate "1999.07.01"]
[SourceVersion "1"]
[SourceVersionDate "1999.07.01"]
[SourceQuality "1"]

1. e4 d6 2. d4 Nf6 3. Nc3 g6 4. f4 Bg7 5. Nf3 O-O 6. Be3 c5 (6... b6 7. e5 $1
Ng4 8. Bg1 c5 9. h3 Nh6 10. d5 Nf5 11. Bf2 dxe5 12. fxe5 Nd7 13. Qe2 $14 {
Balashov-Timman, Tilburg 1977}) 7. dxc5 Qa5 8. Bd3 Ng4 9. Bd2 Qxc5 10. Qe2 Nf6
11. a3 Bg4 12. h3 Bxf3 13. Qxf3 Nc6 14. Be3 Qa5 15. O-O Nd7 16. Bd2 Qb6+ 17.
Kh1 Nc5 18. Rab1 Nxd3 19. cxd3 e6 (19... f5 $5) 20. Ne2 $6 (20. Be3 Qa5 {
Remis. Spassky-Bronstein, Tallinn 1973}) (20. f5 $1 $16 exf5 21. exf5 Nd4 22.
Qg3 Nxf5 23. Rxf5 gxf5 24. Nd5 f4 25. Nf6+ $1 Kh8 26. Qh4 h6 27. Bc3 d5 28.
Qxf4 $18 {Kinlay}) 20... Rfe8 $1 21. Bc3 Rac8 22. Qg3 f5 23. h4 (23. Qf2) 23...
d5 24. Bxg7 Kxg7 25. h5 $6 (25. Qf2) 25... Ne7 26. e5 Ng8 27. hxg6 hxg6 28. Qg5
Re7 29. Ng1 Kf8 30. Nh3 (30. Qxg6 Rg7 31. Qh5 Rc2 32. Rbc1 Qc7 $1) 30... Rc2
$17 31. Rf3 Rh7 32. Rg1 Rh6 33. d4 Ke8 34. Rc3 Qxb2 35. Rxc2 Qxc2 36. Kh2 Kd7
37. Rf1 Qc3 38. Rf3 Qxd4 39. Rb3 b6 40. Qg3 Ne7 41. Rd3 Qa4 42. Rf3 Rh5 43. Qf2
Rh8 44. Rc3 Rc8 0-1

[Event "World Cup"]
[Site "Skelleftea"]
[Date "1989.08.??"]
[Round "1"]
[White "Nunn, John DM"]
[Black "Seirawan, Yasser"]
[Result "1/2-1/2"]
[WhiteElo "2620"]
[BlackElo "2585"]
[Annotator "Bulletin"]
[PlyCount "84"]
[EventDate "1989.08.??"]
[EventType "tourn"]
[EventRounds "15"]
[EventCountry "SWE"]
[EventCategory "16"]
[SourceTitle "CBM 014"]
[Source "ChessBase"]
[SourceDate "1990.02.01"]
[SourceVersion "1"]
[SourceVersionDate "1990.02.01"]
[SourceQuality "1"]

1. e4 d6 2. d4 Nf6 3. Nc3 g6 4. f4 Bg7 5. Nf3 c5 6. Bb5+ Bd7 7. e5 Ng4 8. e6
fxe6 9. Ng5 Bxb5 10. Qxg4 Bc4 11. b3 Bxd4 12. Bd2 Bd5 13. Nxd5 exd5 14. O-O-O
Nc6 {'!' Bulletin. Bulletin: 'N;'} (14... Qd7 15. Ne6 Nc6 16. f5 Bf6 17. Rhe1
Nd8 18. Bg5 $16 {Nunn,J-Benjamin,Joe/Thessaloniki ol/1988/42/1/2-1/2/}) 15. Qe6
Qc8 16. Qf7+ Kd7 17. Qxd5 Qg8 18. Qxg8 Rhxg8 {'-/+' Bulletin.} 19. Nxh7 b5 20.
Ng5 b4 21. Rhe1 a5 22. Ne6 a4 23. Nxd4 Nxd4 24. Bxb4 axb3 25. axb3 Nxb3+ 26.
cxb3 cxb4 27. Kb2 g5 28. f5 Ra5 29. Ra1 Rxf5 30. Ra7+ Kc6 31. Raxe7 Rf2+ 32.
R1e2 Rgf8 33. Kc2 Rxe2+ 34. Rxe2 d5 35. Kd3 Kd6 36. Ra2 Ke5 37. Re2+ Kd6 38.
Ra2 Rf1 39. Ra6+ Ke5 40. Rg6 Kf5 41. Rd6 Ke5 42. Rg6 Kf5 1/2-1/2

[Event "BCF-ch"]
[Site "Dundee"]
[Date "1993.??.??"]
[Round "2"]
[White "Harley, Andrew D"]
[Black "Hodgson, Julian M"]
[Result "0-1"]
[WhiteElo "2315"]
[BlackElo "2625"]
[Annotator "Bulletin"]
[PlyCount "80"]
[EventDate "1993.08.??"]
[EventType "swiss"]
[EventRounds "11"]
[EventCountry "SCO"]
[SourceTitle "CBM 038"]
[Source "ChessBase"]
[SourceDate "1994.02.01"]
[SourceVersion "1"]
[SourceVersionDate "1994.02.01"]
[SourceQuality "1"]

1. e4 d6 2. d4 Nf6 3. Nc3 g6 4. f4 Bg7 5. Nf3 O-O 6. Bd3 Na6 7. O-O c5 8. d5
Bg4 9. Bc4 Nc7 10. a4 a6 11. h3 (11. a5 Nb5 $1) (11. Qe2 $1 Nd7 {xe5}) 11...
Bxf3 12. Qxf3 Nd7 13. a5 b5 14. axb6 Nxb6 15. Qd3 $6 Rb8 16. Nd1 (16. Bxa6 Ra8
17. Be3 Rxa6 18. Rxa6 c4 $13) 16... e6 $1 17. c3 (17. dxe6 fxe6 {/\ d5}) 17...
Nxc4 18. Qxc4 exd5 19. exd5 f5 $1 $15 20. Ra2 Re8 21. Nf2 Qd7 22. Rd1 Qf7 23.
b4 $6 Nb5 24. Bb2 cxb4 25. cxb4 Rbc8 26. Qd3 Bxb2 27. Rxb2 Rc3 28. Qd2 Qc7 $1
29. Kh2 Qc4 30. h4 $1 Ree3 31. Nh3 Qe4 (31... Red3 32. Qe1 Rxh3+ 33. gxh3 Qxf4+
34. Kg2 $19) (31... Rxh3+ 32. gxh3 $17) 32. Qf2 h6 33. Ra1 Nd4 34. Ng1 (34.
Rxa6 Rxh3+) 34... g5 $1 35. Rxa6 (35. hxg5 hxg5 36. fxg5 (36. Rxa6 Qe8) 36...
Qg4 $19) 35... g4 36. g3 (36. Kh1 Rc1 {/\ Rh3}) 36... Rc1 37. Rba2 Rxg1 38.
Ra8+ Kg7 39. R2a7+ Kg6 40. Rg8+ Kh5 0-1

[Event "Tirnavia Reti Memorial-05"]
[Site "Trnava"]
[Date "1983.03.??"]
[Round "?"]
[White "Banas, Jan"]
[Black "Schmidt, Wlodzimierz"]
[Result "1/2-1/2"]
[WhiteElo "2325"]
[BlackElo "2450"]
[Annotator "ChessBase"]
[PlyCount "30"]
[EventDate "1983.03.18"]
[EventType "tourn"]
[EventRounds "13"]
[EventCountry "CZE"]
[EventCategory "9"]
[SourceTitle "MCD"]
[Source "ChessBase"]
[SourceDate "1999.07.01"]
[SourceVersion "1"]
[SourceVersionDate "1999.07.01"]
[SourceQuality "1"]

1. e4 {Spielfreie Tage: 24.03. + 31.03.1983.} d6 2. d4 Nf6 3. Nc3 g6 4. f4 Bg7
5. Nf3 O-O 6. e5 dxe5 7. fxe5 Nd5 8. Bc4 Nb6 9. Bb3 c5 10. dxc5 Qxd1+ 11. Kxd1
N6d7 12. e6 Nxc5 13. exf7+ Kh8 14. Bc4 Nc6 15. Be3 Be6 1/2-1/2

[Event "Esbjerg North Sea Cup-03"]
[Site "Esbjerg"]
[Date "1978.07.??"]
[Round "3"]
[White "Sigurjonsson, Gudmundur"]
[Black "Fries Nielsen, Jens Ove"]
[Result "1-0"]
[WhiteElo "2500"]
[BlackElo "2300"]
[Annotator "ChessBase"]
[PlyCount "67"]
[EventDate "1978.07.08"]
[EventType "tourn"]
[EventRounds "13"]
[EventCountry "DEN"]
[EventCategory "7"]
[SourceTitle "MCL"]
[Source "ChessBase"]
[SourceDate "1999.07.01"]
[SourceVersion "1"]
[SourceVersionDate "1999.07.01"]
[SourceQuality "1"]

1. e4 d6 2. d4 Nf6 3. Nc3 g6 4. f4 Bg7 5. Nf3 O-O 6. Be3 b6 7. Bd3 Bb7 8. f5 $1
c5 9. fxg6 hxg6 {<->g5} 10. d5 Nbd7 11. O-O Re8 (11... Ng4 $142 {<->e5}) 12.
Ng5 {P e1-h4 <->h7; <->f7.} a6 13. Qe1 Nf8 14. Qh4 Qd7 {P g4} 15. h3 e6 16. e5
$1 dxe5 17. Nce4 $1 Nxe4 (17... N8h7 18. Nxf6+ Nxf6 19. Rxf6 Bxf6 20. Qh7+ Kf8
21. Rf1 Qe7 22. d6 $18 {Sigurjonsson}) 18. Rxf7 Qxf7 19. Nxf7 Kxf7 20. dxe6+
Rxe6 21. Bxe4 $18 Bxe4 22. Qxe4 Ra7 23. Rf1+ Kg8 24. Qd5 Rae7 25. Bg5 Re8 26.
Qb7 e4 27. Rf7 Bd4+ 28. Kh2 e3 29. Bh6 e2 30. Rg7+ Kh8 31. Qf7 Be5+ (31... Bg1+
32. Kh1 $1 $18) 32. g3 Bxg3+ 33. Kg2 $1 e1=N+ {funny} 34. Kxg3 1-0

[Event "OHRA-B"]
[Site "Amsterdam"]
[Date "1989.??.??"]
[Round "?"]
[White "Polgar, Judit"]
[Black "Azmaiparashvili, Zurab"]
[Result "1-0"]
[WhiteElo "2555"]
[BlackElo "2575"]
[Annotator "ChessBase"]
[PlyCount "74"]
[EventDate "1989.07.??"]
[EventType "swiss"]
[EventRounds "9"]
[EventCountry "NED"]
[SourceTitle "CBM 015"]
[Source "ChessBase"]
[SourceDate "1990.04.01"]
[SourceVersion "1"]
[SourceVersionDate "1990.04.01"]
[SourceQuality "1"]

1. e4 d6 2. d4 g6 3. Nc3 Bg7 4. f4 Nf6 5. Nf3 c5 6. dxc5 Qa5 7. Bd3 Qxc5 8. Qe2
O-O 9. Be3 Qa5 10. h3 $5 (10. O-O Bg4) 10... e5 11. O-O-O $5 Nbd7 (11... Nc6) (
11... Be6 {/\ 12.Rc8}) 12. g4 d5 $1 13. exd5 e4 $1 14. Nxe4 Qxa2 $6 (14... Nxe4
{>=} 15. Bxe4 Re8 $1) 15. Nc3 $1 Qa1+ 16. Kd2 Qxb2 17. Bd4 Qb4 $2 (17... Re8 {
>=} 18. Qf2 (18. Ne5 Nxd5) (18. Qg2) 18... Nc5 $1 19. Rb1 (19. Bxc5 Nxg4 $1)
19... Qxc3+) 18. Rb1 Qa5 19. Ra1 Qc7 $2 (19... Qd8 {>=}) 20. Ne5 Qd8 21. Qf3
Re8 22. Rhe1 Nb6 23. Ra5 Nfd7 24. d6 Nxe5 25. fxe5 Be6 26. Rc5 Qg5+ (26... Rc8)
27. Be3 Qd8 28. Ne4 $1 (28. Bd4 Qg5+) 28... Nd7 29. Bg5 Qb6 30. Rb5 Qd4 31. Qf4
$1 Nxe5 $2 (31... Kh8) (31... Bxe5 32. Rxe5 Nxe5 33. Nf6+) 32. Bf6 $1 $18 (32.
Nf6+ $2 Bxf6 33. Qxd4 Nf3+ 34. Kd1 Nxd4) 32... Bc4 $2 (32... Bf5 $5) 33. Bxe5
Rxe5 (33... Bxe5 34. Rxe5 $1 Rxe5 35. Nf6+) 34. Nf6+ Bxf6 35. Qxd4 Rxe1 36.
Qxc4 Rae8 37. d7 Bg5+ 1-0

[Event "IBM-19 Grootmeestergroep A"]
[Site "Amsterdam"]
[Date "1979.07.19"]
[Round "7"]
[White "Ligterink, Gert"]
[Black "Torre, Eugenio"]
[Result "0-1"]
[WhiteElo "2440"]
[BlackElo "2520"]
[Annotator "Dolmatov,S"]
[PlyCount "80"]
[EventDate "1979.07.11"]
[EventType "tourn"]
[EventRounds "13"]
[EventCountry "NED"]
[EventCategory "12"]
[SourceTitle "MCL"]
[Source "ChessBase"]
[SourceDate "1999.07.01"]
[SourceVersion "1"]
[SourceVersionDate "1999.07.01"]
[SourceQuality "1"]

1. e4 g6 2. d4 Bg7 3. Nc3 d6 4. f4 Nf6 5. Nf3 O-O 6. Bd3 Na6 7. O-O c5 8. d5 b6
9. Qe1 $6 (9. Qe2 $5 Nc7 10. a4 a6 11. Bc4 (11. Bd2 $6 Bd7 12. Rae1 Rb8 $13)
11... Bd7 $2 (11... Rb8 12. e5 dxe5 13. Nxe5 $40) 12. e5 $16) 9... Nb4 10. Qh4
b5 11. a3 (11. Nxb5 Qb6 $15) 11... Nxd3 12. cxd3 b4 13. axb4 $6 (13. Nd1 $5 Ba6
14. Nf2 c4 $2 (14... Qb6 15. Be3 $13) 15. axb4) 13... cxb4 14. Nd1 Bg4 15. Be3
Bxf3 16. Rxf3 Qc8 (16... a5 17. Rh3 Qc7 18. f5 a4 $17) 17. Bd4 (17. f5 $5) (17.
Rh3 $6 Qg4 $15) 17... Qc2 18. f5 Rac8 19. fxg6 fxg6 20. Ne3 Qe2 (20... Qxd3 $2
21. Nf5 Qxe4 22. Qxe4 Nxe4 23. Nxg7 $18) 21. Qf2 (21. Re1 Qd2) 21... Qxf2+ 22.
Rxf2 Rc7 23. Rc2 Rfc8 24. Rxc7 Rxc7 25. Bxa7 $6 (25. Bxf6 Bxf6 26. Nc4 Bd4+ 27.
Kf1 Rc8 28. Ke2 Rf8 29. Rf1 Rxf1 30. Kxf1 Kf7 31. Ke2 $10) (25. Rxa7 Rc1+ 26.
Nf1 (26. Kf2 $2 Ng4+ 27. Ke2 Bxd4 28. Ra8+ Kf7 29. Nxg4 Rc2+ $19) 26... Nxe4 (
26... Ng4 $6 27. Bxg7 Kxg7 28. Rxe7+ Kf6 29. Re6+ Kf7 30. Rxd6 Ne3 31. Kf2 Nxf1
32. Rb6 $16) 27. Bxg7 Nd2 28. Kf2 Rxf1+ 29. Ke2 Kxg7 30. Rxe7+ $1 (30. Kxd2 Kf6
$17) 30... Kf8 31. Rxh7 Rb1 $10) 25... Nd7 26. d4 (26. Nc4 $2 Rxa7 27. Rxa7
Bd4+ $19) 26... Kf7 27. Kf1 Ke8 (27... Bh6 $5 28. Ke2 Bxe3 29. Kxe3 Rc2 30. e5
$15) 28. Ke2 Bh6 29. Ng4 $2 (29. h4 Bxe3 30. Kxe3 Rc2 31. e5 $15) (29. e5 $32
dxe5 30. dxe5 Nxe5 31. Bd4 $10) 29... Bc1 $17 30. Bc5 h5 $1 31. Nf2 Bxb2 32.
Ra8+ Kf7 33. Bxb4 Rc2+ 34. Kf3 Bxd4 35. Nd3 g5 36. h3 Nf6 37. Ra6 (37. g4 h4
$19) 37... g4+ 38. hxg4 hxg4+ 39. Kg3 Re2 40. Nf4 Be5 0-1